|
|
|
|
| LEADER |
00000nab a2200000uu 4500 |
| 001 |
vtls011520762 |
| 003 |
SK-MaSNL |
| 005 |
20260303181426.0 |
| 008 |
230704|1948 xo |||||||||||||||||slo| |
| 015 |
|
|
|a SNBRB
|
| 035 |
|
|
|a (urnnbn)urn:nbn:sk:snk:ar-0021m6
|
| 035 |
|
|
|a (uuid)063c2430-463f-4456-b715-c21489b0d7e4
|
| 035 |
|
|
|a urn:nbn:sk:snk-abe95r
|
| 040 |
|
|
|a SNKBUCL
|b slo
|c SNKBUCL
|e AACR2
|
| 041 |
0 |
|
|a slo
|
| 044 |
|
|
|a xo
|c SK
|
| 100 |
1 |
|
|a Procházka, Miro
|4 aut
|9 279244
|
| 245 |
1 |
0 |
|a Tri básne
|c Miro Procházka
|
| 773 |
0 |
|
|t Slovenské pohľady
|g Roč. 64, č. 9 (1948), s. 512-515
|
| 850 |
|
|
|a Slovenská národná knižnica
|
| 852 |
|
|
|a Slovenská národná knižnica
|
| 954 |
|
|
|a beletria pôvodná (slovenská)
|2 lita
|
| 958 |
|
|
|a OND
|
| 958 |
|
|
|a EUIPO
|
| 958 |
|
|
|a article21
|
| 999 |
|
|
|c 2111985
|d 2113915
|